000 00400nam a2200121Ia 4500
008 220620s9999||||xx |||||||||||||| ||und||
245 0 _aTechnology and Engineering Applications of Simulink
546 _aEnglish[eng]
650 _aComputer modelling & simulation
700 _aChakravarty, Subhas
856 _uhttps://mts.intechopen.com/storage/books/2001/authors_book/authors_book.pdf
942 _cEB
999 _c31353
_d31353